00322nam a22001337a 450000500170000001000130001702000110003003500130004110000190005424500450007326000240011827000320014230000140017420230607122149.0 aB-691398 c599.00 aB-691398 aKazuo Ishiguro aWhen we were orphans/cby Kazuo Ishiguro aDelhibPansy Books  aSomesh ViharbDelhie110071 avp.c22cm